Score 0/10 Timer 01:00
2 Plays Today
Hint 4-Letter Word % Correct
'All ___ and no play makes Jack a dull boy.'WORK
92.6%
Nerd or dweebDORK
87.4%
Dip a cookie into milkDUNK
82.2%
Type of chocolate
___ [Rung 6] [Rung 10]: Disney cartoon superhero whose alter ego is Drake Mallard
★ DARK ★
81.6%
Plane's appendage
[Rung 1] ___ [Rung 10]: Disney cartoon superhero whose alter ego is Drake Mallard
★ WING ★
79.5%
Get down!
[Rung 1] [Rung 6] ___: Disney cartoon superhero whose alter ego is Drake Mallard
★ DUCK ★
77%
ManureDUNG
74.7%
Minor car damageDING
74%
'In the ___ of an eye'WINK
74%
A political nerdWONK
68.1%

Today's Daily Dose

Remove Ads.
Support Sporcle.
Get the best of Sporcle when you Go Orange. This ad-free experience offers more features, more stats, and more fun while also helping to support Sporcle. Thank you for becoming a member.

You're not logged in!

Compare scores with friends on all Sporcle quizzes.
OR
Log In

Show Comments

Extras

Top Quizzes Today


Score Distribution

Your Account Isn't Verified!

In order to create a playlist on Sporcle, you need to verify the email address you used during registration. Go to your Sporcle Settings to finish the process.

Report this User

Report this user for behavior that violates our Community Guidelines.

Details: